Szczegóły MARC21

Wprowadzenie do bibliotekoznawstwa czyli Wiedza o bibliotece w różnych dawkach /

003 -Nazwa inst., której nr kontr. jest w polu 001 [,]
    • @
    • Nazwa instytucji, której n kontrolny jest w polu 001
    • NUKAT
005 -DATA I CZAS OSTATNIEJ MODYFIKACJI [,]
    • @
    • pole kontrolne
    • 20250512132425.0
020 -Międzynarod. znormalizowany nr książki - ISBN [ , ]
    • a
    • Numer ISBN
    • 8387629782 Find
040 -Instytucja sporządzająca opis [ , ]
    • a
    • Instytucja, która sporządziła opis (NP)
    • KR 7/EG
    • c
    • Instytucja, która sporządziła rekord (NP)
    • KR 7/EG
    • d
    • Instytucja, która zmodyfikowała rekord (P)
    • KR 7/TS
    • d
    • Instytucja, która zmodyfikowała rekord (P)
    • KR 7/BOs
    • d
    • Instytucja, która zmodyfikowała rekord (P)
    • WA U/ZZ
    • d
    • Instytucja, która zmodyfikowała rekord (P)
    • KR 93/MSs
    • d
    • Instytucja, która zmodyfikowała rekord (P)
    • GL 001/LW
942 -Rodzaj dokumentu [ , ]
    • c
    • Rodzaj dokumentu
    • Książka
100 -Hasło główne - nazwa osobowa [1, ]
    • a
    • Nazwa osobowa (NP)
    • Ratajewski, Jerzy
    • d
    • Daty biograficzne (NP)
    • (1928-1999).
    • 9
    • KHW
    • 9155
245 -Strefa tytułu i oznaczenia odpowiedzialności [1,0]
    • a
    • Tytuł
    • Wprowadzenie do bibliotekoznawstwa czyli Wiedza o bibliotece w różnych dawkach / Find
    • c
    • Pozostałe elementy strefy tytułu i oznaczenia odpowiedzialności (NP)
    • Jerzy Ratajewski ; do dr. przygot. Zbigniew Żmigrodzki, przy współpr. Elżbiety Gondek ; Stowarzyszenie Bibliotekarzy Polskich.
246 -Wariant tytułu [1,3]
    • a
    • Tytuł (NP)
    • Introduction to library science or knowledge concerning the library in different doses
260 -Strefa adresu wydawniczego [ , ]
    • a
    • Miejsce wydania (P)
    • Warszawa :
    • b
    • Nazwa wydawcy (P)
    • Wydaw. SBP,
    • c
    • Data wydania (P)
    • 2002.
300 -Strefa opisu fizycznego [ , ]
    • a
    • Określenie formy książki i/lub objętość (NP)
    • 226 s. ;
    • c
    • Format (NP)
    • 21 cm.
336 -Typ zawartości [ , ]
    • a
    • Termin opisujący typ zawartości
    • Tekst
    • b
    • Kod określający zawartość
    • txt
    • 2
    • Źródło (terminu i kodu)
    • rdacontent
337 -Typ mediów [ , ]
    • a
    • Tryb odtwarzania
    • Bez urządzenia pośredniczącego
    • b
    • Kod typu mediów
    • n
    • 2
    • Źródło (terminu i kodu)
    • rdamedia
338 -Typ/rodzaj nośnika [ , ]
    • a
    • Hasło opisujące typ nośnika
    • Wolumin
    • b
    • Kod typu nośnika
    • nc
    • 2
    • Źródło (terminu i kodu)
    • rdacarrier
490 -Strefa serii i książki wielotomowej - forma nie do wyszukiwania [1, ]
    • a
    • Tytuł (P)
    • Nauka, Dydaktyka, Praktyka ; Find
    • v
    • Numeracja (P)
    • 51
830 -Hasło dodatkowe serii i opisu książki wielotomowej - tytuł ujednolicony/tytuł [ ,0]
    • a
    • Tytuł ujednolicony/tytuł (NP)
    • Nauka, Dydaktyka, Praktyka
    • v
    • Oznaczenie tomu (NP)
    • 51
    • 9
    • KHW
    • 7614
504 -Uwaga dot. bibliogr. załącznikowej [ , ]
    • a
    • Uwaga dot. bibliografii załącznikowej
    • Bibliogr. s. 223-225.
546 -Uwaga dot. języka [ , ]
    • a
    • Uwaga dot. języka
    • Spis treści także w jęz. ang.
080 -Uniwersalna Klasyfikacja Dziesiętna [ , ]
    • a
    • Symbol klasyfikacji
    • 02
    • 2
    • Identyfikator wydania tablic
    • UDC-P058
    • 9
    • UKD
    • 2269
    • b
    • Dopowiedzenie
    • Bibliotekarstwo. Bibliotekoznawstwo.
650 -Hasło przedmiotowe [ ,7]
    • a
    • Hasło przedmiotowe
    • Bibliotekoznawstwo
    • x
    • Określnik rzeczowy
    • metodologia.
    • 2
    • Źródło terminu
    • kaba
    • 9
    • KHW
    • 360880
980 -Symbol UKD [ , ]
    • a
    • UKD
    • 02
700 -Hasło dodatkowe - nazwa osobowa [1, ]
    • a
    • Nazwa osobowa (NP)
    • Żmigrodzki, Zbigniew Find
    • d
    • Daty biograficzne (NP)
    • (1931-2024).
    • e
    • Określenie rodzaju współpracy
    • Oprac.
    • 9
    • KHW
    • 16949
700 -Hasło dodatkowe - nazwa osobowa [1, ]
    • a
    • Nazwa osobowa (NP)
    • Gondek, Elżbieta Find
    • d
    • Daty biograficzne (NP)
    • (1947- ).
    • e
    • Określenie rodzaju współpracy
    • Oprac.
    • 9
    • KHW
    • 41614
710 -Hasło dodatkowe - nazwa ciała zbiorowego [2, ]
    • a
    • Nazwa ciała zbiorowego lub nazwa geograficzna jako pierwszy element (NP)
    • Stowarzyszenie Bibliotekarzy Polskich.
    • b
    • Nazwa jednostki podrzędnej (P)
    • Wydawnictwo.
    • 4
    • Kod relacji
    • pbl
    • 9
    • KHW
    • 52190
920 -ISBN [ , ]
    • a
    • ISBN
    • 83-87629-78-2 Find
Lokalizacja Data inwentaryzacji Status udost. Numer inwentarzowy
BE2002-08-01-2E.68350
BG2002-08-011Z.99142
BM2002-08-011P.18437